000 00579nam a2200193Ia 4500
003 OSt
005 20240730111944.0
008 210210b2001 xxu||||| |||| 00| 0 eng d
040 _cAL
041 _aKannada
082 _aK494.3 RAMB
100 _aRAMESH (Sa Chi).
_dರಮೇಶ್.ಸ.ಚಿ.
_9174526
245 _aBete samskratika padakosha.
_bಬೇಟೆ ಸಾಂಸ್ಕೃತಿಕ ಪದಕೋಶ
260 _aHampi.
_bPrasaranga, Kannada Vishvavidyalaya.,
_c2001
300 _a167
690 _aKannada Dictionary
_9174527
906 _a057339
942 _2ddc
_cBK
999 _c105021
_d105021